| 000 | 00854nam a22002295i 4500 | ||
|---|---|---|---|
| 001 | 169823 | ||
| 003 | ES-MaACL | ||
| 005 | 20230906214216.0 | ||
| 008 | 081203s2002 sp |||| | spa d | ||
| 020 | _a84-95835-08-8 | ||
| 080 | _a75 Herrero, José (083.824) | ||
| 100 | 1 |
_aHerrero, José ( _d1969-) _9138983 |
|
| 245 | 1 | 0 |
_aMélange _b: del 14 de març al 28 d'abril de 2002, Museu d'Art Modern, Tarragona / _cJosé Herrero Caba. |
| 260 |
_aTarragona : _bMuseu d'Art Modern de la Diputació de Tarragona, _c[2002] |
||
| 300 |
_a[34] p. : _bprincipalmente il. ; _c15 cm x 17 cm. |
||
| 600 | 1 | 4 |
_aHerrero, José ( _d1969)- _vExposiciones. _9138984 |
| 655 | 7 |
_2tgfbne _9193628 _aCatálogos de exposiciones |
|
| 710 | 2 |
_aMuseu d'Art Modern (Tarragona) _95935 |
|
| 852 |
_aES-MaACL _j2239-F-14 |
||
| 942 | _2udc | ||
| 999 |
_c169823 _d169823 |
||